[Event "XV Festival A"]
[Site "Trieste ITA"]
[Date "2013.09.04"]
[Round "6"]
[White "Mocchi, Tullio"]
[Black "Franca, Veronika"]
[WhiteElo "2245"]
[BlackElo "1927"]
[Result "1-0"]
[PlyCount "85"]
[EventDate "2013.08.31"]

1. e4 c5 2. Nf3 d6 3. c3 Nf6 4. h3 g6 5. Bd3 Bg7 6. Bc2 O-O 7. d4 cxd4 8. cxd4
Nc6 9. Nc3 b6 10. O-O Bb7 11. Re1 Rc8 12. Be3 Na5 13. Nd2 d5 14. e5 Ne8 15. f4
e6 16. Nf3 b5 17. Ne2 Nc4 18. Bc1 Qa5 19. Ng3 Nc7 20. a3 Na6 21. b3 Qc3 22. Ra2
Nb6 23. Bd3 Qc6 24. Ne2 Nb8 25. Bd2 Rfd8 26. g4 Bf8 27. Ng3 Qd7 28. Rf1 Bc6 29.
Qb1 a6 30. f5 Qa7 31. Qe1 Be8 32. f6 Nc6 33. Ne2 a5 34. Qh4 Nd7 35. Kh1 b4 36.
a4 Nxd4 37. Nexd4 Nxe5 38. Bh6 Bc5 39. Ng5 Nxd3 40. Bg7 h5 41. gxh5 Bxd4 42.
hxg6 Nf2+ 43. Raxf2 1-0

[Event "XV Festival A"]
[Site "Trieste ITA"]
[Date "2013.09.04"]
[Round "6"]
[White "Oparin, Grigoriy"]
[Black "Rozentalis, Eduardas"]
[WhiteElo "2504"]
[BlackElo "2607"]
[Result "1-0"]
[PlyCount "141"]
[EventDate "2013.08.31"]

1. e4 e6 2. d4 d5 3. Nc3 dxe4 4. Nxe4 Bd7 5. Nf3 Bc6 6. Bd3 Nd7 7. O-O Ngf6 8.
Ng3 Bd6 9. Re1 Bxg3 10. hxg3 O-O 11. c4 Re8 12. b3 b6 13. Bb2 Bb7 14. Qe2 c5
15. Rad1 Qc7 16. Bc2 Rad8 17. Rd2 cxd4 18. Nxd4 a6 19. Red1 Nc5 20. Nf3 Nce4
21. Rxd8 Rxd8 22. Rxd8+ Qxd8 23. Ne5 h5 24. a4 Qd6 25. Qe3 a5 26. Bd4 Nc5 27.
f3 Nfd7 28. Qf4 Nf6 29. Qe3 Nfd7 30. Qf4 Nf6 31. Bc3 Ncd7 32. Kh2 Nc5 33. Qg5
Kf8 34. b4 axb4 35. Bxb4 Kg8 36. Nd3 Qd8 37. Qe3 Nxd3 38. Bxd3 Bc6 39. Bc2 Qa8
40. Qxb6 Bxa4 41. Bd3 Bc6 42. Qc5 Qd8 43. Bc2 Qa8 44. Bc3 Qa2 45. Qxc6 Qxc2 46.
Qa8+ Kh7 47. Bxf6 gxf6 48. Qf8 Qg6 49. c5 h4 50. gxh4 Qh5 51. Kg1 Qe5 52. Qxf7+
Kh6 53. Qf8+ Kh7 54. Kf2 Qd4+ 55. Kg3 Qe5+ 56. f4 Qe1+ 57. Kf3 Qd1+ 58. Ke3
Qc1+ 59. Kd3 Qa3+ 60. Ke2 Kg6 61. Qe8+ Kg7 62. Qxe6 Qxc5 63. Kf3 Kg6 64. Kg4
Qh5+ 65. Kh3 Qc5 66. Qg4+ Kf7 67. h5 Qg1 68. Qd7+ Kf8 69. Qe6 Kg7 70. Qe7+ Kg8
71. Qe8+ 1-0

[Event "XV Festival A"]
[Site "Trieste ITA"]
[Date "2013.09.04"]
[Round "6"]
[White "Plenca, Jadranko"]
[Black "Sirnik, Bostjan"]
[WhiteElo "2138"]
[BlackElo "2211"]
[Result "0-1"]
[PlyCount "166"]
[EventDate "2013.08.31"]

1. e4 d6 2. d4 Nf6 3. Bd3 e5 4. c3 Nc6 5. Nf3 Bg4 6. d5 Ne7 7. c4 Ng6 8. g3 Be7
9. Nc3 h6 10. Be2 Bh3 11. Qa4+ Nd7 12. Bf1 Bg4 13. Bg2 O-O 14. h3 Nb6 15. Qb3
Bc8 16. Be3 Nd7 17. O-O Nc5 18. Bxc5 dxc5 19. Rfe1 b6 20. Nd1 Re8 21. Ne3 Bd6
22. Qc3 Nf8 23. Nf5 Nd7 24. N3h4 Bf8 25. Rad1 g6 26. Ne3 Nf6 27. Nc2 Nd7 28.
Re2 Be7 29. Nf3 Bd6 30. Nfe1 a5 31. Nd3 Qf6 32. Rf1 Qg7 33. a4 Nf6 34. Qd2 Bd7
35. b3 Nh5 36. Kh2 f5 37. Rfe1 f4 38. Bf3 fxg3+ 39. fxg3 Nf6 40. Rf2 Rf8 41.
Ref1 h5 42. Qg5 Nh7 43. Qd2 Be7 44. Bg2 Rxf2 45. Rxf2 Bg5 46. Qe2 h4 47. g4 Bh6
48. Nce1 Ng5 49. Nf3 Nxf3+ 50. Rxf3 Rf8 51. Rxf8+ Qxf8 52. Qf3 Qe7 53. Qf2 Qg5
54. Qe2 Kf7 55. Qf3+ Ke7 56. Qf2 Be8 57. Kh1 Kd6 58. Kh2 Qe7 59. Kh1 Bg5 60.
Qf1 Qg7 61. Qf2 Qh6 62. Qf3 Bf4 63. Kg1 Qg5 64. Kf1 Bg3 65. Ke2 Ke7 66. Qf1 Bd7
67. Qc1 Qf6 68. Qf1 Qd6 69. Qc1 c6 70. Qh6 Qf6 71. Qe3 Be8 72. Qf3 Bf4 73. Nf2
g5 74. Qd3 Bg3 75. Qf3 Qxf3+ 76. Bxf3 Bxf2 77. Kxf2 cxd5 78. cxd5 c4 79. bxc4
Bxa4 80. Ke3 Kd6 81. Kd3 b5 82. Be2 b4 83. Kd2 Bb3 0-1

[Event "XV Festival A"]
[Site "Trieste ITA"]
[Date "2013.09.04"]
[Round "6"]
[White "Scholzen, Wolfgang"]
[Black "Armstrong, Malcolm J."]
[WhiteElo "2138"]
[BlackElo "2014"]
[Result "1/2-1/2"]
[PlyCount "135"]
[EventDate "2013.08.31"]

1. d4 d5 2. Nf3 Nf6 3. e3 c6 4. Bd3 Bg4 5. b3 Nbd7 6. Bb2 e6 7. Nbd2 Bd6 8. c4
O-O 9. Qc2 Bxf3 10. Nxf3 Bb4+ 11. Bc3 Bxc3+ 12. Qxc3 Ne4 13. Bxe4 dxe4 14. Nd2
f5 15. O-O Nf6 16. f3 exf3 17. Rxf3 Qe7 18. Re1 Rf7 19. e4 fxe4 20. Nxe4 Nxe4
21. Rxf7 Qxf7 22. Rxe4 Rf8 23. Qe1 Qf6 24. h3 h6 25. Qe3 Qf1+ 26. Kh2 Rf2 27.
Rg4 Rf6 28. Qg3 Rf7 29. Qe5 Qf6 30. Qb8+ Kh7 31. Qg3 Rd7 32. Qd3+ Qf5 33. Qe3
a6 34. Re4 Qf6 35. Re5 Rd6 36. c5 Rd5 37. Qe4+ Kg8 38. Rxe6 Rxd4 39. Re8+ Kf7
40. Qe3 Qf4+ 41. Qxf4+ Rxf4 42. Rb8 Rb4 43. Kg3 Kf6 44. Kf3 a5 45. g3 h5 46.
Ke3 a4 47. bxa4 Rxa4 48. Rxb7 Rc4 49. Rc7 Rxc5 50. a4 Rc3+ 51. Kf2 g5 52. a5
Kf5 53. a6 Rc2+ 54. Ke3 Rc3+ 55. Kf2 Rc2+ 56. Ke1 Rc3 57. a7 Ra3 58. Kd2 h4 59.
gxh4 gxh4 60. Kc2 Ke5 61. Kb2 Ra6 62. Kc3 Kd6 63. Rb7 Kc5 64. Kb3 Ra1 65. Rh7
Ra6 66. Rh5+ Kb6 67. Rxh4 Rxa7 68. Rh8 1/2-1/2

[Event "XV Festival A"]
[Site "Trieste ITA"]
[Date "2013.09.04"]
[Round "6"]
[White "Tratar, Marko"]
[Black "Tomazini, Zan"]
[WhiteElo "2503"]
[BlackElo "2302"]
[Result "1-0"]
[PlyCount "103"]
[EventDate "2013.08.31"]

1. Nf3 g6 2. e4 Bg7 3. d4 d6 4. c3 Nf6 5. Bd3 Nbd7 6. O-O e5 7. Re1 O-O 8. h3
Nh5 9. a4 h6 10. a5 a6 11. Na3 Re8 12. Nc4 Nf8 13. dxe5 dxe5 14. Bf1 Qf6 15. g3
Bd7 16. Ne3 Rad8 17. Nd5 Qd6 18. Qb3 Bc8 19. Be3 Nf6 20. Nxf6+ Qxf6 21. Nd2 Ne6
22. h4 g5 23. hxg5 hxg5 24. Rad1 g4 25. Nc4 Ng5 26. Bxg5 Qxg5 27. Ne3 Bf8 28.
Qc4 c6 29. b4 Be6 30. Qe2 Kg7 31. Rxd8 Rxd8 32. Rd1 Rd6 33. Rxd6 Bxd6 34. Qd1
Bb8 35. Bc4 Ba7 36. Bxe6 Bxe3 37. Bc8 Bd2 38. Qc2 Be1 39. Bxb7 Qd2 40. Qxd2
Bxd2 41. Bxa6 Bxc3 42. Be2 Bxb4 43. a6 Bc5 44. Bxg4 Ba7 45. Bd7 c5 46. Bb5 Kf6
47. Bc4 Ke7 48. Kg2 Kf6 49. f4 Bb6 50. Kf3 Ba7 51. fxe5+ Kxe5 52. Bxf7 1-0

[Event "XV Festival A"]
[Site "Trieste ITA"]
[Date "2013.09.04"]
[Round "6"]
[White "Trussevich, Sergey"]
[Black "Cherin, Diego"]
[WhiteElo "2328"]
[BlackElo "2239"]
[Result "1-0"]
[PlyCount "125"]
[EventDate "2013.08.31"]

1. Nf3 f5 2. b3 b6 3. Bb2 Bb7 4. e3 e6 5. Be2 Nf6 6. O-O Be7 7. c4 O-O 8. Qc2
d6 9. d3 Qe8 10. Nd4 Qg6 11. Bf3 Bxf3 12. Nxf3 e5 13. Nc3 c6 14. Ne1 Nbd7 15.
Qe2 e4 16. f4 d5 17. d4 Qf7 18. Nc2 Rac8 19. cxd5 Nxd5 20. g4 Nxc3 21. Bxc3
fxg4 22. Qxg4 Nf6 23. Qe2 Nd5 24. Bb2 Qf5 25. Kh1 a5 26. Rg1 Kh8 27. Ba3 Nb4
28. Raf1 Rfd8 29. Qg2 g6 30. Qd2 c5 31. Bb2 Kg8 32. Nxb4 axb4 33. Qe2 Bf6 34.
dxc5 Rd3 35. Bxf6 Qxf6 36. f5 g5 37. Qg4 Rxe3 38. Qxg5+ Qxg5 39. Rxg5+ Kf7 40.
cxb6 Rb8 41. f6 Rxb6 42. Rg7+ Kf8 43. Rxh7 Rf3 44. Rc1 Rc3 45. Rxc3 bxc3 46.
Rc7 Ra6 47. a4 Rd6 48. Rxc3 Rd3 49. Rc4 e3 50. Kg2 Rxb3 51. Kf3 Kf7 52. Rf4 Rb2
53. Kxe3 Rxh2 54. Kd4 Rc2 55. Ke5 Rc5+ 56. Kd6 Rc1 57. Rf5 Rc8 58. Rf1 Rc2 59.
Rf5 Rc8 60. a5 Kg6 61. Rc5 Ra8 62. Kc7 Kxf6 63. Kb7 1-0

[Event "XV Festival A"]
[Site "Trieste ITA"]
[Date "2013.09.04"]
[Round "6"]
[White "Ulibin, Mikhail"]
[Black "Dvirnyy, Danyyil"]
[WhiteElo "2553"]
[BlackElo "2549"]
[Result "1/2-1/2"]
[PlyCount "39"]
[EventDate "2013.08.31"]

1. e4 e5 2. Nf3 Nc6 3. Bb5 a6 4. Ba4 Nf6 5. O-O b5 6. Bb3 Bc5 7. a4 Rb8 8. d3
O-O 9. axb5 axb5 10. Be3 d6 11. h3 Bxe3 12. fxe3 Be6 13. Nbd2 Ne7 14. Bxe6 fxe6
15. Ra6 h6 16. Qa1 Nd7 17. d4 exd4 18. exd4 Nb6 19. b3 Qc8 20. c4 1/2-1/2

[Event "XV Festival A"]
[Site "Trieste ITA"]
[Date "2013.09.04"]
[Round "6"]
[White "Valsecchi, Alessio"]
[Black "Gleizerov, Evgeny"]
[WhiteElo "2412"]
[BlackElo "2567"]
[Result "1/2-1/2"]
[PlyCount "48"]
[EventDate "2013.08.31"]

1. e4 e6 2. d4 d5 3. Nd2 Nf6 4. e5 Nfd7 5. Bd3 c5 6. c3 Nc6 7. Ngf3 Be7 8. O-O
a5 9. Re1 cxd4 10. cxd4 a4 11. Nb1 Nb6 12. Nc3 Bd7 13. h4 h6 14. h5 Nb4 15. Bb1
Bc6 16. a3 Na6 17. Bd3 Nc7 18. Nh2 Qd7 19. Rb1 Nc4 20. Qg4 O-O-O 21. Qxg7 Rdg8
22. Qxf7 Rf8 23. Qg6 Rfg8 24. Qf7 Rf8 1/2-1/2

[Event "XV Festival A"]
[Site "Trieste ITA"]
[Date "2013.09.04"]
[Round "6"]
[White "Vezzani, Stefano"]
[Black "Pregarac, Valter"]
[WhiteElo "2162"]
[BlackElo "2135"]
[Result "1/2-1/2"]
[PlyCount "49"]
[EventDate "2013.08.31"]

1. e4 e5 2. Nf3 Nc6 3. Nc3 Nf6 4. g3 d5 5. exd5 Nxd5 6. Bg2 Nxc3 7. bxc3 Bd6 8.
O-O O-O 9. d3 Bg4 10. h3 Be6 11. Ng5 Bf5 12. Rb1 Rb8 13. Be3 Qd7 14. Kh2 f6 15.
Ne4 b6 16. Nxd6 cxd6 17. c4 Be6 18. f4 Rbc8 19. Rb5 Ne7 20. a4 d5 21. fxe5 fxe5
22. Rxf8+ Rxf8 23. Bg5 dxc4 24. Bxe7 Qxe7 25. Rxe5 1/2-1/2

[Event "XV Festival A"]
[Site "Trieste ITA"]
[Date "2013.09.05"]
[Round "7"]
[White "Armstrong, Malcolm J."]
[Black "Basso, Pier Luigi"]
[WhiteElo "2014"]
[BlackElo "2208"]
[Result "1/2-1/2"]
[PlyCount "82"]
[EventDate "2013.08.31"]

1. d4 Nf6 2. Nf3 e6 3. g3 c5 4. c3 d5 5. Bg2 Be7 6. O-O O-O 7. Nbd2 Nc6 8. dxc5
Bxc5 9. Qc2 Qb6 10. h3 e5 11. e4 Be6 12. Ng5 Rac8 13. Nb3 d4 14. Nxe6 fxe6 15.
Nxc5 Qxc5 16. Qb3 Qe7 17. Bd2 Na5 18. Qd1 Nc4 19. cxd4 Nxb2 20. Qe2 exd4 21.
Bg5 Nc4 22. e5 d3 23. Qe1 d2 24. Qe2 Qc5 25. Bxd2 Nd5 26. Rac1 b5 27. Qg4 Rce8
28. Be4 Qe7 29. Bg5 Qf7 30. Qe2 h6 31. Bd2 Nxe5 32. Qxb5 Nf3+ 33. Bxf3 Qxf3 34.
Qb3 Qe2 35. Qd1 Qa6 36. Qg4 Rf6 37. a4 Qd3 38. Rcd1 Qc2 39. Qd4 Ref8 40. Rc1
Qf5 41. Qg4 Qxg4 1/2-1/2

[Event "XV Festival A"]
[Site "Trieste ITA"]
[Date "2013.09.05"]
[Round "7"]
[White "Bruno, Fabio"]
[Black "Mazi, Leon"]
[WhiteElo "2421"]
[BlackElo "2368"]
[Result "1/2-1/2"]
[PlyCount "97"]
[EventDate "2013.08.31"]

1. d4 e6 2. Nf3 c5 3. e3 Nf6 4. Bd3 d5 5. c3 Nc6 6. Nbd2 Be7 7. O-O Qc7 8. Qe2
O-O 9. dxc5 Bxc5 10. e4 Re8 11. e5 Nd7 12. Nb3 Bb6 13. Bf4 Nf8 14. Bg3 Bd7 15.
Rfe1 a6 16. h4 Na7 17. a4 Nc8 18. Nh2 f5 19. h5 h6 20. Bf4 Re7 21. a5 Ba7 22.
Nf3 Rf7 23. g3 Ne7 24. Nbd4 Rc8 25. Kg2 Qd8 26. Be3 Bb8 27. Nb3 Bc7 28. Nc5 Bc6
29. Nd4 Bxe5 30. Nxc6 Nxc6 31. Nxb7 Rxb7 32. Bxa6 Rf7 33. Bxc8 Qxc8 34. a6 Bb8
35. b4 e5 36. f4 d4 37. cxd4 exd4 38. b5 dxe3 39. Rec1 Qe6 40. bxc6 Rc7 41. Qc4
Ba7 42. Kf3 Kh7 43. Rab1 Qe8 44. Rb7 Ne6 45. Kg2 Qxh5 46. Qxe6 Qe2+ 47. Kh1
Qf3+ 48. Kh2 Qe2+ 49. Kh1 1/2-1/2

[Event "XV Festival A"]
[Site "Trieste ITA"]
[Date "2013.09.05"]
[Round "7"]
[White "Capaliku, Aleks"]
[Black "Linder, Oliver"]
[WhiteElo "2140"]
[BlackElo "1983"]
[Result "1-0"]
[PlyCount "119"]
[EventDate "2013.08.31"]

1. f4 d5 2. Nf3 Nf6 3. e3 g6 4. b3 Bg7 5. Bb2 O-O 6. Be2 c6 7. O-O a5 8. a4 b6
9. h3 Ba6 10. g4 Bxe2 11. Qxe2 Ne4 12. Bxg7 Kxg7 13. Kg2 Qd6 14. d3 Nc5 15.
Nbd2 Nbd7 16. d4 Nb7 17. e4 dxe4 18. Nxe4 Qc7 19. Ng3 Nf6 20. Rae1 Rae8 21. Qe5
Qxe5 22. Nxe5 c5 23. g5 Nd5 24. c4 Nb4 25. Nd7 Rh8 26. d5 Nc2 27. Re2 Nd4 28.
Re3 Nd6 29. Rd3 Rd8 30. Ne5 Rhe8 31. Re1 Kf8 32. Ne2 N4f5 33. Nc6 Rd7 34. Nc3
h5 35. Rd2 Rc7 36. Rde2 Rd7 37. Ne4 Nxe4 38. Rxe4 Nd6 39. R4e2 Rc7 40. Rd2 Nf5
41. Ne5 Nd4 42. Rd3 Nf5 43. Nf3 Rd7 44. Kf2 Rd6 45. Nd2 Rd7 46. Re5 Red8 47.
Ne4 e6 48. Nc3 Ne7 49. Ke2 exd5 50. Nxd5 Nxd5 51. Rdxd5 Rd6 52. Ke3 R8d7 53.
Ke4 f5+ 54. gxf6 Kf7 55. f5 gxf5+ 56. Rxf5 Re6+ 57. Rfe5 Rdd6 58. Rxd6 Rxd6 59.
Rxh5 Rxf6 60. Rf5 1-0

[Event "XV Festival A"]
[Site "Trieste ITA"]
[Date "2013.09.05"]
[Round "7"]
[White "Cherin, Diego"]
[Black "Matijevic, Filip"]
[WhiteElo "2239"]
[BlackElo "2136"]
[Result "1-0"]
[PlyCount "75"]
[EventDate "2013.08.31"]

1. e4 e5 2. Nf3 Nc6 3. Bc4 Nf6 4. Ng5 d5 5. exd5 Nd4 6. c3 b5 7. Bf1 Nxd5 8.
cxd4 Qxg5 9. Bxb5+ Kd8 10. Qf3 Bb7 11. O-O exd4 12. d3 Qg6 13. Bc4 c6 14. Nd2
Be7 15. Nb3 Qf6 16. Qe4 Re8 17. Na5 Bd6 18. Nxb7+ Kc7 19. Qg4 Kxb7 20. Bxd5
cxd5 21. Qd7+ Bc7 22. Qb5+ Qb6 23. Qxd5+ Qc6 24. Qxf7 Rad8 25. Bf4 Rf8 26.
Qxc7+ Qxc7 27. Bxc7 Kxc7 28. Rfe1 Rfe8 29. Kf1 Kd6 30. Rxe8 Rxe8 31. Rc1 Re7
32. Rc4 Kd5 33. b4 h6 34. g3 Rb7 35. a3 Re7 36. Rc8 Ke5 37. f4+ Kd5 38. Rd8+
1-0

[Event "XV Festival A"]
[Site "Trieste ITA"]
[Date "2013.09.05"]
[Round "7"]
[White "Eggleston, David J."]
[Black "Ashiku, Franc"]
[WhiteElo "2363"]
[BlackElo "2241"]
[Result "1/2-1/2"]
[PlyCount "98"]
[EventDate "2013.08.31"]

1. e4 e6 2. d4 d5 3. Nc3 Nf6 4. e5 Nfd7 5. f4 c5 6. Nf3 Nc6 7. Be3 cxd4 8. Nxd4
Bc5 9. Qd2 O-O 10. O-O-O Bxd4 11. Bxd4 Qa5 12. Kb1 Rb8 13. Ne2 Qxd2 14. Rxd2 f6
15. exf6 Nxf6 16. Nc3 Nxd4 17. Rxd4 Ne4 18. Nxe4 Rxf4 19. Bd3 dxe4 20. Bxe4 Kf8
21. Rhd1 Ke7 22. Bxh7 Rxd4 23. Rxd4 b6 24. Be4 Bd7 25. Bf3 Rh8 26. h3 e5 27.
Rd5 Ke6 28. c4 Bc6 29. Bg4+ Kf7 30. Rxe5 Bxg2 31. Re3 Kf6 32. b4 Kg5 33. Re7 a5
34. bxa5 bxa5 35. Rxg7+ Kf4 36. Kb2 Bxh3 37. Bxh3 Rxh3 38. Re7 Kf5 39. Re2 Kf6
40. c5 Rh5 41. Rc2 Ke7 42. Kb3 Kd7 43. c6+ Kc7 44. Ka4 Rg5 45. Rc4 Rh5 46. a3
Rg5 47. Kb3 Rg6 48. Rc5 Rxc6 49. Rxa5 Kb6 1/2-1/2

[Event "XV Festival A"]
[Site "Trieste ITA"]
[Date "2013.09.05"]
[Round "7"]
[White "Franca, Veronika"]
[Black "Vezzani, Stefano"]
[WhiteElo "1927"]
[BlackElo "2162"]
[Result "0-1"]
[PlyCount "120"]
[EventDate "2013.08.31"]

1. d4 d6 2. c4 e5 3. dxe5 dxe5 4. Qxd8+ Kxd8 5. Nc3 f6 6. b3 c6 7. Bb2 Be6 8.
g3 Nd7 9. Bg2 Ne7 10. Nf3 Nc8 11. O-O Ncb6 12. Rfd1 a5 13. Ne1 a4 14. Nd3 axb3
15. axb3 Rxa1 16. Rxa1 Kc7 17. Rc1 Bf7 18. c5 Nd5 19. b4 Nxc3 20. Bxc3 Be7 21.
Ra1 Bc4 22. Kf1 Re8 23. Nb2 Bb5 24. Ke1 Bf8 25. e4 Rd8 26. f4 Re8 27. Kf2 g6
28. Nd1 Bh6 29. Bd2 Nf8 30. Nc3 Ba6 31. Be3 Rd8 32. Bh3 Bc4 33. Nd1 exf4 34.
gxf4 Bb3 35. Nc3 Rd3 36. Rc1 Ne6 37. Ne2 Ng7 38. Rc3 Rxc3 39. Nxc3 f5 40. e5
Ne6 41. Ne2 Bc4 42. Bf1 Bxe2 43. Bxe2 Bxf4 44. Bc4 Bxe3+ 45. Kxe3 Kd7 46. h4
Ke7 47. Bb3 h6 48. Bc4 g5 49. hxg5 hxg5 50. Bd3 Ng7 51. Bc4 Ne8 52. Kd4 Nc7 53.
Bg8 Na6 54. Kc4 g4 55. b5 Nb8 56. bxc6 Nxc6 57. Bd5 Nxe5+ 58. Kd4 Nc6+ 59. Ke3
Kf6 60. Kf4 Nd8 0-1

[Event "XV Festival A"]
[Site "Trieste ITA"]
[Date "2013.09.05"]
[Round "7"]
[White "Gleizerov, Evgeny"]
[Black "Tratar, Marko"]
[WhiteElo "2567"]
[BlackElo "2503"]
[Result "1/2-1/2"]
[PlyCount "57"]
[EventDate "2013.08.31"]

1. d4 Nf6 2. c4 e6 3. g3 Bb4+ 4. Bd2 Bxd2+ 5. Qxd2 d5 6. Nf3 c6 7. Bg2 Nbd7 8.
Qc2 O-O 9. Nbd2 b6 10. O-O Bb7 11. b4 a5 12. a3 axb4 13. axb4 Qe7 14. c5 Ba6
15. Rfe1 Bb5 16. e3 Rfc8 17. Ra2 Qd8 18. Rea1 h6 19. h3 Ne8 20. Ne5 Rxa2 21.
Rxa2 Nxe5 22. dxe5 bxc5 23. Qxc5 Nc7 24. Bf1 Ra8 25. Ra5 Na6 26. Qd4 Bxf1 27.
Kxf1 Qb8 28. Nb3 Qb7 29. Nc5 1/2-1/2

[Event "XV Festival A"]
[Site "Trieste ITA"]
[Date "2013.09.05"]
[Round "7"]
[White "Ioffe, Evgeny"]
[Black "Plenca, Jadranko"]
[WhiteElo "2029"]
[BlackElo "2138"]
[Result "1/2-1/2"]
[PlyCount "69"]
[EventDate "2013.08.31"]

1. e4 e5 2. Nf3 Nc6 3. Bc4 Nf6 4. d3 Bc5 5. O-O O-O 6. Nbd2 d5 7. exd5 Nxd5 8.
Ne4 Be7 9. Re1 a6 10. c3 Kh8 11. Ng3 Nb6 12. Bb3 f6 13. Qe2 Bd7 14. Be3 Bd6 15.
d4 Bg4 16. h3 exd4 17. cxd4 Bxf3 18. Qxf3 f5 19. Ne2 Qf6 20. Nf4 Na5 21. Bc2
Nbc4 22. b3 Nxe3 23. Qxe3 Nc6 24. Rad1 Nb4 25. Bb1 c6 26. Nd3 Nd5 27. Qe6 Nc3
28. Qxf6 Rxf6 29. Rc1 Nxb1 30. Rxb1 Kg8 31. Nc5 Rf7 32. Re6 Rd8 33. Rbe1 Bxc5
34. dxc5 Rfd7 35. b4 1/2-1/2

[Event "XV Festival A"]
[Site "Trieste ITA"]
[Date "2013.09.05"]
[Round "7"]
[White "Oparin, Grigoriy"]
[Black "Kuljasevic, Davorin"]
[WhiteElo "2504"]
[BlackElo "2577"]
[Result "1/2-1/2"]
[PlyCount "47"]
[EventDate "2013.08.31"]

1. e4 e5 2. Nf3 Nc6 3. Bb5 a6 4. Ba4 Nf6 5. d3 b5 6. Bb3 Bc5 7. Nc3 d6 8. Nd5
h6 9. c3 Be6 10. O-O Bxd5 11. exd5 Ne7 12. d4 exd4 13. Nxd4 Qd7 14. a4 O-O 15.
Qd3 Rab8 16. axb5 axb5 17. Ra5 Bxd4 18. Qxd4 c5 19. Qh4 Nexd5 20. Qg3 Ne4 21.
Qh4 Nef6 22. Qg3 Ne4 23. Qh4 Nef6 24. Qg3 1/2-1/2

[Event "XV Festival A"]
[Site "Trieste ITA"]
[Date "2013.09.05"]
[Round "7"]
[White "Rozentalis, Eduardas"]
[Black "Jovanic, Ognjen"]
[WhiteElo "2607"]
[BlackElo "2519"]
[Result "1/2-1/2"]
[PlyCount "164"]
[EventDate "2013.08.31"]

1. e4 e5 2. Nf3 Nc6 3. Bb5 Nf6 4. d3 d6 5. O-O Be7 6. c3 O-O 7. Nbd2 a6 8. Ba4
b5 9. Bc2 Re8 10. Re1 Bf8 11. Nf1 g6 12. h3 Bb7 13. Be3 Bg7 14. Qc1 Qd7 15. Bh6
Nd8 16. Ng3 c5 17. Bxg7 Kxg7 18. d4 cxd4 19. cxd4 exd4 20. Qg5 h6 21. Qd2 Ne6
22. Rad1 Kh7 23. Nxd4 Rad8 24. Nxe6 Rxe6 25. Bb3 Ree8 26. Qd4 Qe7 27. Re3 Nd7
28. Qxd6 Nc5 29. Qxe7 Rxd1+ 30. Bxd1 Rxe7 31. f3 Rd7 32. Bc2 b4 33. Nf1 a5 34.
Re2 a4 35. Rd2 Rc7 36. Ne3 b3 37. axb3 axb3 38. Bd1 Bc8 39. Nd5 Ra7 40. Nf6+
Kg7 41. e5 Ra8 42. Rd5 Be6 43. Rxc5 Ra1 44. Kf2 Rxd1 45. Ke3 Re1+ 46. Kd3 Rd1+
47. Kc3 Rg1 48. g4 Rg3 49. Rb5 h5 50. Kd4 hxg4 51. fxg4 Rxh3 52. Rb8 Rh4 53.
Ke3 g5 54. Rg8+ Kh6 55. Rh8+ Kg7 56. Rg8+ Kh6 57. Kd4 Rxg4+ 58. Nxg4+ Bxg4 59.
e6 Bxe6 60. Ke5 Kh5 61. Kf6 Kg4 62. Rxg5+ Kf4 63. Re5 Bc4 64. Re1 Bd5 65. Re2
Bc4 66. Re5 Ba6 67. Re1 Bc4 68. Ke7 f5 69. Kd6 Bd3 70. Kd5 Bc2 71. Kd4 Kf3 72.
Rf1+ Ke2 73. Rf4 Be4 74. Rh4 Bc2 75. Rh3 Kf2 76. Rh5 Kg3 77. Rh1 Kf2 78. Rh3
Ke2 79. Rh4 Kf3 80. Ke5 Ke3 81. Rh3+ Kd2 82. Kd4 Ke2 1/2-1/2

[Event "XV Festival A"]
[Site "Trieste ITA"]
[Date "2013.09.05"]
[Round "7"]
[White "Sirnik, Bostjan"]
[Black "Scholzen, Wolfgang"]
[WhiteElo "2211"]
[BlackElo "2138"]
[Result "1/2-1/2"]
[PlyCount "73"]
[EventDate "2013.08.31"]

1. d4 d5 2. Bf4 Nf6 3. e3 e6 4. Nf3 Bd6 5. Ne5 O-O 6. Nd2 c5 7. c3 Nc6 8. Bd3
Qc7 9. Ndf3 Ne4 10. Nxc6 Bxf4 11. Nce5 Bxe5 12. Nxe5 f6 13. Nf3 Bd7 14. O-O Be8
15. Qc2 Bg6 16. Nh4 c4 17. Be2 Ng3 18. Nxg6 Nxf1 19. Rxf1 hxg6 20. Qxg6 Qf7 21.
Qc2 b5 22. e4 f5 23. exf5 Qxf5 24. Qd1 Rf6 25. Bg4 Qf4 26. g3 Qd6 27. Re1 a5
28. Re5 g6 29. Qd2 Kg7 30. Qe3 Ra6 31. a3 b4 32. axb4 axb4 33. cxb4 Qxb4 34.
Bxe6 Rfxe6 35. Rxe6 Rxe6 36. Qxe6 Qxb2 37. Qe7+ 1/2-1/2

[Event "XV Festival A"]
[Site "Trieste ITA"]
[Date "2013.09.05"]
[Round "7"]
[White "Solomon, Kenny"]
[Black "Janzelj, Tim"]
[WhiteElo "2372"]
[BlackElo "2242"]
[Result "0-1"]
[PlyCount "128"]
[EventDate "2013.08.31"]

1. d4 Nf6 2. c4 e6 3. Nc3 Bb4 4. e3 b6 5. Bd3 Bb7 6. Nf3 Ne4 7. O-O Bxc3 8.
bxc3 f5 9. Ne5 O-O 10. f3 Nf6 11. c5 bxc5 12. Rb1 Bd5 13. c4 Bc6 14. dxc5 Na6
15. Ba3 Rb8 16. Rb5 Bxb5 17. cxb5 Nd5 18. Qd2 f4 19. e4 Qg5 20. Nxd7 Ne3 21.
Rc1 Rbd8 22. c6 Nb8 23. h4 Qg3 24. Qf2 Nxd7 25. cxd7 Qxf2+ 26. Kxf2 Rf7 27. Be2
Rfxd7 28. g3 Nd1+ 29. Ke1 Ne3 30. Kf2 e5 31. gxf4 exf4 32. Bc5 Nd1+ 33. Ke1 Nb2
34. Rc3 Nd3+ 35. Kf1 Ne5 36. a4 Kf7 37. a5 a6 38. b6 cxb6 39. Bxb6 Rb8 40. Ke1
Rbb7 41. Bxa6 Rb8 42. Ke2 h5 43. Rc1 g5 44. hxg5 h4 45. Bc4+ Nxc4 46. Rxc4 h3
47. Rc6 Rh8 48. g6+ Kg7 49. Bc7 Rh5 50. Bxf4 h2 51. Bxh2 Rxh2+ 52. Ke3 Rg2 53.
Kf4 Rxg6 54. Rc3 Rf7+ 55. Ke3 Ra6 56. Rc5 Rfa7 57. Rg5+ Kf7 58. Rf5+ Ke6 59.
Rh5 Rxa5 60. Rh6+ Kf7 61. Rd6 Ra3+ 62. Kf4 Rc3 63. Rd5 Ra6 64. e5 Ra4+ 0-1

[Event "XV Festival A"]
[Site "Trieste ITA"]
[Date "2013.09.05"]
[Round "7"]
[White "Srebrnic, Vojko"]
[Black "Chetverik, Maxim"]
[WhiteElo "2202"]
[BlackElo "2260"]
[Result "1-0"]
[PlyCount "123"]
[EventDate "2013.08.31"]

1. c4 f5 2. Nc3 Nf6 3. g3 e6 4. Bg2 Be7 5. d4 O-O 6. Nh3 d6 7. Nf4 c6 8. d5 e5
9. dxc6 bxc6 10. Nfd5 Nxd5 11. Nxd5 Be6 12. Nxe7+ Qxe7 13. b3 Qc7 14. O-O Na6
15. Bb2 Rad8 16. Qc2 f4 17. Be4 h6 18. Ba3 Bh3 19. Rfd1 Rf6 20. b4 fxg3 21.
hxg3 Rdf8 22. f3 Kh8 23. Rac1 Nb8 24. b5 c5 25. Bb2 Qf7 26. Kf2 Bc8 27. Qd3 Bb7
28. a4 Bxe4 29. Qxe4 Qc7 30. Bc3 Nd7 31. a5 R8f7 32. Rb1 Nb8 33. Rd3 Qc8 34.
Kg2 Nd7 35. Rbd1 Qf8 36. Ra1 g5 37. Bd2 Rg7 38. Rh1 Rgg6 39. Bc3 g4 40. Rh4
gxf3+ 41. Rxf3 Qg7 42. Be1 Rxf3 43. Qxf3 Qe7 44. Rg4 Rxg4 45. Qxg4 Qh7 46. Qh4
Nf8 47. Bd2 Qc2 48. Qxh6+ Kg8 49. Qxd6 Qxc4 50. Qd3 Qe6 51. Qe4 Nd7 52. Be3 Kf8
53. Qc6 Qg4 54. Qf3+ Qxf3+ 55. Kxf3 Ke7 56. g4 Ke6 57. g5 Kf5 58. Kf2 c4 59.
Kg3 Ke6 60. Kg4 Kd5 61. Kf5 Nc5 62. g6 1-0

[Event "XV Festival A"]
[Site "Trieste ITA"]
[Date "2013.09.05"]
[Round "7"]
[White "Suc, Timothy"]
[Black "Mocchi, Tullio"]
[WhiteElo "2130"]
[BlackElo "2245"]
[Result "1/2-1/2"]
[PlyCount "127"]
[EventDate "2013.08.31"]

1. e4 c6 2. d4 d5 3. exd5 cxd5 4. c4 e6 5. Nc3 Nf6 6. Nf3 Be7 7. cxd5 Nxd5 8.
Bd3 O-O 9. O-O Nc6 10. a3 Bf6 11. Qc2 g6 12. Bh6 Re8 13. Rad1 Nce7 14. Ne4 Bg7
15. Bxg7 Kxg7 16. Ne5 b6 17. Bb5 Rf8 18. Qd2 Bb7 19. Rfe1 Nf5 20. Bc6 Bxc6 21.
Nxc6 Qd7 22. Ne5 Qe7 23. Ng3 Nd6 24. Ng4 Rfd8 25. Qh6+ Kh8 26. h4 Rac8 27. h5
g5 28. Ne4 Nxe4 29. Rxe4 f6 30. Rde1 Rc6 31. Ne3 Qf7 32. Nxd5 Rxd5 33. f4 g4
34. f5 Rxf5 35. Rxg4 Rxh5 36. Qf4 Rc8 37. Qe4 Re8 38. Rf1 Rf8 39. Re1 e5 40.
Rg3 Rd8 41. Rc1 exd4 42. Qxd4 Rhd5 43. Qf4 Rd1+ 44. Rxd1 Rxd1+ 45. Kh2 Qh5+ 46.
Rh3 Qe5 47. Qxe5 fxe5 48. Kg3 Rd3+ 49. Kg4 Rd2 50. Kf5 Rxg2 51. b4 Kg7 52. Kxe5
h6 53. Kd6 Kh7 54. Kc6 Rg7 55. a4 Kg6 56. a5 bxa5 57. bxa5 h5 58. Rg3+ Kf6 59.
Rxg7 Kxg7 60. a6 h4 61. Kb7 h3 62. Kxa7 h2 63. Kb8 h1=Q 64. a7 1/2-1/2

[Event "XV Festival A"]
[Site "Trieste ITA"]
[Date "2013.09.05"]
[Round "7"]
[White "Tomazini, Zan"]
[Black "Kolesar, Milan"]
[WhiteElo "2302"]
[BlackElo "2141"]
[Result "1-0"]
[PlyCount "77"]
[EventDate "2013.08.31"]

1. e4 c5 2. Nf3 d6 3. d4 cxd4 4. Nxd4 Nf6 5. Nc3 Nc6 6. Bc4 Qb6 7. Ndb5 a6 8.
Be3 Qa5 9. Nd4 Ng4 10. Nxc6 bxc6 11. Bd2 g6 12. Be2 Ne5 13. Nd5 Qd8 14. Ne3 Bg7
15. Bc3 O-O 16. Qd2 Bb7 17. O-O-O c5 18. f4 Nc6 19. Bxg7 Kxg7 20. h4 Nd4 21.
Bd3 f5 22. exf5 Nxf5 23. Nxf5+ gxf5 24. Qc3+ Kh6 25. Bc4 Rf6 26. h5 Kg7 27. Rh3
Be4 28. Rg3+ Kh8 29. Rg5 Rb8 30. h6 Qb6 31. a3 Qb7 32. Rg7 d5 33. Qe5 d4 34. b3
Re8 35. g4 fxg4 36. Rf7 Qc6 37. Rxe7 Bg6 38. Rxe8+ Bxe8 39. Qe7 1-0